000 00950nam a2200301 a 4500
001 000044269
003 DO-SdBNP
005 20240416102130.0
007 000044269
008 140612s2013 dr a 000 0 spa d
020 _a9789945174946
040 _aBPMSU
_bspa
_cBPMSU
082 4 _aRD863.44
_bD611Ll 2013
_222
100 1 _aDisla, Reynaldo,
_d1956-
245 1 3 _aLa llama resistente del cuaderno azul /
_cReynaldo Disla ; ilustraciones Markus Edjical Goth
260 _aSanto Domingo :
_bSM,
_c2013.
300 _a63 p. :
_bil. ;
_c19 cm.
490 0 _aEl barco de vapor,
_v15
500 _aIncluye datos biográficos del autor en la contracubierta
590 _6Inventariado, 2023/VM
650 4 _aCuentos juveniles dominicanos
650 4 _aLiteratura juvenil dominicana
700 1 _a Edjical Goth, Markus
910 _aVMateo V. Control de calidad. BPMSU
942 _2ddc
_cBK
956 _a
_b
_c
_l
_h
956 _a
_b
_c
_l
_h
999 _c7620
_d7620